LEADER 01274nam a2200277 i 4500 001 000000126872 003 CaOOAMICUS 005 20070518000000.0 008 070518s2007 it u000 u ita u 013 $a99580 020 $a978-88-311-7495-4 040 $aSeMil$bita 100 1 $aFitzgerald, Michael Louis.$0(OLS)http://semarc/name/40511 245 10$aDio sogna l'unità :$bi cattolici e le religioni /$cMichael Louis Fitzgerald ; conversazioni con Annie Laurent ; prefazione di Piero Coda. 260 $aRoma :$bCittà Nuova,$ccopyr. 2007. 300 $a248 p. ;$c22 cm. 650 4$aDialogo interreligioso.$0(OLS)http://semarc/subject/2257 650 4$aFitzgerald, Michael - Interviste.$0(OLS)http://semarc/subject/24841 700 1 $aCoda, Piero,$d<1955- >.$0(OLS)http://semarc/name/325 700 1 $aLaurent, Annie.$0(OLS)http://semarc/name/22017 850 $aSeMil 852 $aSeMil$W1$xVenegono$y1$m2R II 48$j81216$B81216$CSeMilBibl$Z2$F123905 $81 961 $aAcquisto: Città Nuova (Agente) 996 $6020$a978-88-311-7495-4$9(OLS)http://semarc/number/113142 996 $6245$aDio sogna l'unità :$bi cattolici e le religioni$9(OLS)http://semarc/title/187138 996 $6260$aRoma :$bCittà Nuova$9(OLS)http://semarc/publisher/29609 LEADER 01401nam a2200253 i 4500 001 000000024415 003 CaOOAMICUS 005 20251218100742.0 008 180830s1955 it u000 u ita u 040 $aSeMil$bita 245 10$aSacramentarium Veronense :$bCod. Bibl. Capit. Veron. LXXXV [80] /$cin Verbindung mit Leo Eizenhöfer und Petrus Siffrin ; herausgegeben von Leo Cunibert Mohlberg. 260 $aRoma :$bHerder,$c1955-1956. 300 $a2 v. ;$c25 cm. 500 $aRilegati erroneamente i 2 vol. - Front. scambiati. 650 4$aSacramentario Veronese/Leoniano.$0(OLS)http://semarc/subject/59270 700 1 $aSiffrin, Petrus .$0(OLS)http://semarc/name/10817 700 1 $aEizenhöfer, Leo,$c.$0(OLS)http://semarc/name/10740 700 1 $aMohlberg, Leo Cunibert,$c.$0(OLS)http://semarc/name/127 773 0 $tRerum Ecclesiasticarum Documenta. Serie maior. Fontes.$dRoma : Herder, [196?]$w()24183 774 0 $t2. Halbband.$dRoma : Herder, 1956.$kRerum Ecclesiasticarum Documenta. Serie maior. Fontes$g2$w()198148 774 0 $t1. Halbband.$dRoma : Herder, 1955.$kRerum Ecclesiasticarum Documenta. Serie maior. Fontes$g1$w()198152 996 $6245$aSacramentarium Veronense :$bCod. Bibl. Capit. Veron. LXXXV [80]$9(OLS)http://semarc/title/32799 996 $6260$aRoma :$bHerder$9(OLS)http://semarc/publisher/29637